00506nam a2200181Ia 450000500170000000800410001702000180005804100120007608200170008810000210010524500550012625000120018126000510019330000180024465000220026265000170028465000230030120260429112049.0260429s9999||||xx |||||||||||||| ||und|| a9781836597117 aEnglish a621.381bPHI aPhillips, Roger  0aElectronic devices and circuits / cRoger Phillips a1st ed. aWaltham Abbey Essesx : bChapman Press,c2026. ax, 261 p.; hb a Circuit analysis a Electronics aElectronic devices